Substantive in "Atemlos durch die Nacht" - Statistiken

Allgemein
  • Dieses Quiz wurde 188 mal gespielt
  • Das Durchschnittsergebnis liegt bei 9 aus 23
Antwortstatistiken
Substantiv % Korrekt
Nacht
99%
Liebe
78%
Straßen
65%
Kino
59%
Clubs
57%
Stadt
55%
Glücksgefühle
54%
Tag
52%
Hand
45%
Zeit
41%
Bilder
40%
Liebestattoo
40%
Augen
38%
Blick
34%
Haut
34%
Küsse
34%
Tabu
26%
Dach
20%
Welt
19%
Arme
16%
Fallschirm
15%
Freiheit
15%
Lust
8%
Keine übereinstimmenden Quizze gefunden
Verteilung der Resultate
Anzahl Personen mit jedem Resultat
Perzentil nach korrekt beantworteten Fragen
Ihre Resultats-Entwicklung
Sie haben dieses Quiz noch nicht gespielt